[Event "Matanzas Jaguey Cup"]
[Site "Matanzas"]
[Date "2008.02.25"]
[Round "14"]
[White "Delgado Ramos, Hector"]
[Black "Eliecer, Rios Renova"]
[Result "1/2-1/2"]
[WhiteElo "2342"]
[BlackElo "2220"]
[PlyCount "39"]
[EventDate "2008.02.16"]
[EventType "tourn"]
[EventRounds "14"]
[EventCountry "CUB"]
[EventCategory "2"]
[SourceTitle "CBM 123 Extra"]
[Source "ChessBase"]
[SourceDate "2008.05.06"]
[SourceVersion "1"]
[SourceVersionDate "2008.05.06"]
[SourceQuality "1"]

1. e4 c5 2. Nf3 d6 3. Bb5+ Bd7 4. Bxd7+ Qxd7 5. 0-0 Nc6 6. c3 Nf6 7. Qe2 e6 8. d4 cxd4 9. cxd4 d5 10. e5 Ne4 11. Nbd2 Nxd2 12. Bxd2 Be7 13. Rac1 0-0 14. Rc3 f6 15. Re1 fxe5 16. Nxe5 Nxe5 17. dxe5 Rac8 18. Rec1 Rxc3 19. Rxc3 Bb4 20. Rc2 1/2-1/2

[Event "Matanzas Jaguey Cup"]
[Site "Matanzas"]
[Date "2008.02.22"]
[Round "11"]
[White "Gonzalez Mesa, Daniel"]
[Black "Eliecer, Rios Renova"]
[Result "1-0"]
[WhiteElo "2168"]
[BlackElo "2220"]
[PlyCount "81"]
[EventDate "2008.02.16"]
[EventType "tourn"]
[EventRounds "14"]
[EventCountry "CUB"]
[EventCategory "2"]
[SourceTitle "CBM 123 Extra"]
[Source "ChessBase"]
[SourceDate "2008.05.06"]
[SourceVersion "1"]
[SourceVersionDate "2008.05.06"]
[SourceQuality "1"]

1. e4 e6 2. d3 d5 3. Nd2 c5 4. Ngf3 Nc6 5. g3 Nf6 6. Bg2 Be7 7. 0-0 0-0 8. e5 Nd7 9. Re1 Qc7 10. Qe2 b6 11. Nf1 Ba6 12. Bf4 c4 13. d4 Nb4 14. Qd2 Rac8 15. Re3 b5 16. a3 Nc6 17. h4 Qb6 18. c3 Bb7 19. N1h2 a5 20. Bg5 Bxg5 21. hxg5 b4 22. Ree1 b3 23. Ng4 Ne7 24. Bh3 Qd8 25. Kg2 Ng6 26. Rh1 Re8 27. Rae1 Kf8 28. Nf6 gxf6 29. gxf6 Nxf6 30. Qh6+ Kg8 31. Ng5 Rc7 32. exf6 Qxf6 33. Qxh7+ Kf8 34. Nxe6+ fxe6 35. Qxc7 Re7 36. Qb8+ Kg7 37. Bxe6 Rxe6 38. Qxb7+ Ne7 39. Qd7 Rxe1 40. Rxe1 Kf7 41. Qxe7+ 1-0

[Event "Matanzas Jaguey Cup"]
[Site "Matanzas"]
[Date "2008.02.16"]
[Round "1"]
[White "Borges del Pino, Oliver"]
[Black "Eliecer, Rios Renova"]
[Result "1-0"]
[WhiteElo "2157"]
[BlackElo "2220"]
[PlyCount "47"]
[EventDate "2008.02.16"]
[EventType "tourn"]
[EventRounds "14"]
[EventCountry "CUB"]
[EventCategory "2"]
[SourceTitle "CBM 123 Extra"]
[Source "ChessBase"]
[SourceDate "2008.05.06"]
[SourceVersion "1"]
[SourceVersionDate "2008.05.06"]
[SourceQuality "1"]

1. e4 e5 2. Nf3 Nc6 3. Bb5 a6 4. Ba4 Nf6 5. 0-0 Nxe4 6. d4 b5 7. Bb3 d5 8. dxe5 Be6 9. Nbd2 Be7 10. c3 0-0 11. Bc2 Nc5 12. Nd4 Nxe5 13. f4 Nc4 14. Nxc4 bxc4 15. Nc6 Qd7 16. Nxe7+ Qxe7 17. f5 Bd7 18. f6 gxf6 19. Qxd5 Be6 20. Qh5 f5 21. Bh6 Rfe8 22. Rf3 Kh8 23. Re1 Qd6 24. Qg5 1-0